| 000 | 01419namaa2200361 i 4500 | ||
|---|---|---|---|
| 003 | EG-GICUC | ||
| 005 | 20260609115700.0 | ||
| 008 | 260609s2005 ua coa|jr|||| 001 0 ara d | ||
| 017 |
_a2005 / 17847 _bدار الكتب والوثائق القومية (مصر) |
||
| 040 |
_aEG-GiCUC _bara _cEG-GiCUC _dEG-GiCUC _erda |
||
| 041 |
_aara _hger |
||
| 043 | _af-ua--- | ||
| 082 | 0 | 4 |
_221 _a700.943 _bG2937 |
| 092 | 0 | 4 |
_221 _a700.943 _bG2937 |
| 099 | _a700.943 G2937 | ||
| 100 | 1 |
_aجيبهاردت، فولكر _eمؤلف. |
|
| 240 | 1 |
_aSchnellkurs kunstgeschichte deutsche kunst _lArabic |
|
| 245 | 1 | 0 |
_aدورة سريعة فى تاريخ الفن الألمانى / _bتأليف فولكر جيبهاردت ؛ ترجمة علا عادل |
| 250 | _aالطبعة الاولى | ||
| 264 |
_aالقاهرة (مصر) : _bالمجلس الاعلى للثقافة، _c2005 |
||
| 300 |
_a229 صفحة : _bايضاحيات، صور ؛ _c24 سم |
||
| 336 |
_2rdacontent _atext |
||
| 337 |
_2rdamedia _aUnmediated |
||
| 338 |
_2rdacarrier _avolume |
||
| 490 |
_aالمشروع القومى للترجمة ؛ _v935 |
||
| 504 | _aيشتمل على هوامش وفهارس | ||
| 541 |
_aوزارة الثقافة ؛ _bالقاهرة ؛ _cإهداء ؛ _d2023. |
||
| 650 | 1 | 7 |
_aالفن _zالمانيا _2qrmak |
| 651 | 1 | _2qrmak | |
| 700 | 1 |
_aعادل، علا _eمترجم. |
|
| 905 | _aNermeen | ||
| 942 |
_2ddc _cBK _e21 _n0 |
||
| 999 |
_c180445 _d180445 |
||